| 000 | 00565nam a2200241Ia 4500 | ||
|---|---|---|---|
| 008 | 190123s9999 xx 000 0 und d | ||
| 020 | _a9780545033442 | ||
| 050 | _bW944 2012 | ||
| 100 | _aWrede, Patricia C. | ||
| 245 | 4 | _aThe far West / | |
| 245 | 0 | _cby Patricia C. Wrede. | |
| 260 | _aNew York, New York : | ||
| 260 | _bScholastic, | ||
| 260 | _c2012 | ||
| 300 | _a328 pages : | ||
| 300 | _bcolored illustrations ; | ||
| 300 | _c22cm. | ||
| 500 | _a1030L | ||
| 650 | _aFriendship. | ||
| 650 | _aMagic. | ||
| 650 | _aTwins. | ||
| 700 | _aTitle. | ||
| 999 |
_c361250 _d361250 |
||